News Headlines (2014) 2 - Statistics

General Stats
  • This quiz has been taken 17 times
  • The average score is 6 of 20
Answer Stats
Hint Answer % Correct
The US sets up a training camp in this country to combat ISIS Saudi Arabia
77%
This country is the first stop of Pope Francis' Middle East visit Jordan
69%
This film about slavery wins Best Picture in the Oscars 12 Years a Slave
54%
Jay Leno is replaced by this 'Saturday Night Live' alumnus as host of 'The Tonight Show' Jimmy Fallon
46%
The Duke and Duchess of this English city announces the conception of a second child Cambridge
38%
A fresh set of pro-democracy protests springs up in this Chinese territory Hong Kong
38%
A South African court reads the verdict on this former sprinter Oscar Pistorius
38%
A peace deal is finally reached between Muslim rebels and the government of this southeast Asian country Philippines
31%
This American film director is accused of abuse by his daughter Woody Allen
31%
Ukrainians elect this businessman as president in May Petro Poroshenko
23%
Chinese company Dongfeng motors buys a USD 1.1 bn stake in this French automaker PSA Peugeot Citroën
23%
The high court of this African country rules that its anti-gay law is invalid Uganda
23%
Tensions erupt between China and Japan over control of these islands Senkaku Islands
15%
The US decides to launch airstrikes after ISIL's persecution of this Iraqi minority group Yazidis
15%
This group of rogues becomes the highest grossing film in the United States in 2014 Guardians of the Galaxy
8%
Indonesia elects this former Jakarta governor as President Joko Widodo
8%
29 people are killed in a knife attack in this Chinese city Kunming
8%
This former mayor of Florence is sworn in as Italy's Prime Minister in February Matteo Renzi
8%
Sir Norman Foster designs a multi-billion dollar airport for this Latin American capital Mexico City
8%
The military arrests this Thai Prime Minister, the first woman to ever hold that post Yingluck Shinawatra
8%
No matching quizzes found
Score Distribution
Percent of People with Each Score
Percentile by Number Answered
Your Score History
You have not taken this quiz